Le martyre de Saint Sébastien (Record no. 170712)
[ view plain ]
| 000 -LEADER | |
|---|---|
| campo de control de longitud fija | 00813nam a2200205 i 4500 |
| 001 - NÚMERO DE CONTROL | |
| campo de control | 170712 |
| 003 - IDENTIFICADOR DE NÚMERO DE CONTROL | |
| campo de control | ES-MaACL |
| 005 - FECHA Y HORA DE LA ÚLTIMA TRANSACCIÓN | |
| campo de control | 20250522163656.0 |
| 007 - CAMPO FIJO DE DESCRIPCIÓN FÍSICA--INFORMACIÓN GENERAL | |
| campo de control de longitud fija | t| |
| 008 - DATOS DE LONGITUD FIJA--INFORMACIÓN GENERAL | |
| campo de control de longitud fija | 090331s1911 fr ||||1| fre d |
| 080 ## - NÚMERO DE LA CLASIFICACIÓN DECIMAL UNIVERSAL | |
| Número de la Clasificación Decimal Universal | 821.131.1-2"19" |
| 100 1# - ENTRADA PRINCIPAL--NOMBRE DE PERSONA | |
| Nombre de persona | D'Annunzio, Gabriele, |
| Fechas asociadas al nombre | 1863-1938 |
| 9 (RLIN) | 42351 |
| 245 13 - MENCIÓN DEL TÍTULO | |
| Título | Le martyre de Saint Sébastien |
| Resto del título | : mystere compose en rythme français / |
| Mención de responsabilidad, etc. | par Gabriele D'Annunzio et joué a Paris sur la scene du Chatelet le XXII mai MCMXI avec la musique Claude Debussy. |
| 250 ## - MENCION DE EDICION | |
| Mención de edición | 14e ed. |
| 260 ## - PUBLICACIÓN, DISTRIBUCIÓN, ETC. | |
| Lugar de publicación, distribución, etc. | Paris : |
| Nombre del editor, distribuidor, etc. | Calmann-Lévy, |
| Fecha de publicación, distribución, etc. | 1911 ( |
| Lugar de fabricación/manufactura | St. Denis : |
| Fabricante | J. Dardaillou) |
| 300 ## - DESCRIPCIÓN FÍSICA | |
| Extensión | VIII, 270 p. ; |
| Dimensiones | 20 cm. |
| 700 1# - ENTRADA AGREGADA--NOMBRE PERSONAL | |
| Nombre de persona | Debussy, Claude, |
| Fechas asociadas al nombre | 1862-1918 |
| 9 (RLIN) | 240620 |
| 852 4# - LOCALIZACIÓN | |
| Ubicación | ES-MaACL |
| Número de control de estantería | E-12525 |
| itemnumber | R.140144 |
| Nota libre | . - Biblioteca Jacinto Martínez Lacalle |
| Estatus retirado | Estado de pérdida | Estado de daño | No para préstamo | Biblioteca de origen | Biblioteca actual | Ubicación en estantería | Fecha de adquisición | Fuente de adquisición | Total de préstamos | Signatura topográfica completa | Código de barras | Visto por última vez | Precio de reemplazo | Tipo de ítem Koha |
|---|---|---|---|---|---|---|---|---|---|---|---|---|---|---|
| Biblioteca del Ateneo de Madrid | Biblioteca del Ateneo de Madrid | Depósito 2 | 31/03/2009 | E-12525 | 1179155 | 23/02/2023 | 23/02/2023 | Libro impreso |
